000 00484nam a2200157Ia 4500
008 210719s1975 xx 000 0 und d
041 _aeng
082 _a378.06K MAIV
100 _aMAISURU VISHWAVIDYANILAYA
245 _aMaisuru vishwavidyanilaya varshika varadi 1974-75.
260 _aMaisuru.
_bMaisuru Vishwavidyanilaya
_c1975
300 _axxiv,50
_bPB
365 _b2
_cRs
650 _aHigher Education
906 _aMysore University Annual Report ; Mysore University Report
999 _c212510
_d212510